000
00259nam a2200109Ia 4500
008
190216s9999||||xx |||||||||||||| ||und||
100
_a
Yeremin C N
245
0
_a
Foundations Of Chemical Kinetics
260
_b
Mir Publishers
650
_a
Chemistry
942
_c
BK
999
_c
2105
_d
2105